Iron in the soul

Salvato in:
Dettagli Bibliografici
Autore principale: Sartre, Jean Paul
Natura: Libro
Lingua:Undetermined
Pubblicazione: Gran Bretaña Penguin Book 1950
Soggetti:
Tags: Aggiungi Tag
Nessun Tag, puoi essere il primo ad aggiungerne!!

MARC

LEADER 00000nam a2200000Ia 4500
008 170316s9999 xx 000 0 und d
040 |a cru BVZT 
090 |a 840 S-10i 
100 |a Sartre, Jean Paul 
245 |a Iron in the soul 
260 |a Gran Bretaña 
260 |b Penguin Book 
260 |c 1950 
300 |a 349 páginas 
650 |a LITERATURA FRANCESA 
650 |a NOVELA EN INGLÉS 
999 |c 7964  |d 7964 
942 |c 15 D  |h 840 S-10i  |2 z